Violencia en las relaciones laborales

Detalles Bibliográficos
Autor principal: Toselli, Carlos Alberto
Otros Autores: Ferrer, Juan Ignacio
Formato: Desconocido
Lenguaje:español
Publicado: Cr̤doba (Argentina) : Alveroni, 2007
Acceso en línea:Acceso restringido

MARC

LEADER 00000ny a22000003n 4500
005 20110621124743.0
008 080806s2007 ag s 000 0 spa d
020 |a 9871145926 
035 |a 2227 
040 |a UMA.RE  |d vlex 
080 |a 349.2(0.034):331.109 
090 |c 1262  |d 1262 
100 1 |a Toselli, Carlos Alberto 
245 1 0 |a Violencia en las relaciones laborales  |h [Recurso electrn̤ico]  |c Carlos Alberto Toselli, Juan Ignacio Ferrer 
256 |a Servicio en ln̕ea 
260 |a Cr̤doba (Argentina) :  |b Alveroni,  |c 2007 
506 1 |a Contenido solo disponible en los productos indicados  |d vLex Global  |d vLex Global (Academic Edition, excluding Law Schools)  |d vLex Global (U.S. Academic Edition, Law Schools)  |d vLex Global (U.S. Academic Edition, excluding Law Schools)  |d vLex Global (Academic Edition, Law Schools) 
700 1 |a Ferrer, Juan Ignacio 
740 0 |a vLex Libros (Servicios en ln̕ea) 
856 4 0 |u http://vlex.com/source/2227  |z Acceso restringido 
942 |c BOOK 
999 0 4 |a Conflictos laborales  |v En ln̕ea 
999 0 4 |a Derecho laboral  |v En ln̕ea